000 00589nam a2200181Ia 4500
008 151202s9999||||xx |||||||||||||| ||und||
082 _bPNVM-55155
100 _aक्षीरसागर राम.
245 _aए ताजी भानगड.
260 _b"मंदार प्रकाशन,पनवेल."
260 _c1991
300 _a156
600 _aक्षीरसागर राम.
630 _aए ताजी भानगड.
700 _aक्षीरसागर राम.
730 _aए ताजी भानगड.
942 _cBOOK
999 _c1321693
_d1321690